Royalty Tudor Queen Consort Quiz: Anne of Cleves - Statistics

General Stats
  • This quiz has been taken 215 times
  • The average score is 9 of 15
Answer Stats
Hint Answer % Correct
Did she support the Catholic or Protestant faith at the time of her marriage Protestant
94%
What was the language she could read and write at the time of her marriage German
92%
How many of her step-children did she see rule England Two
86%
What year was she married to Henry VIII 1540
79%
What famous artist painted her portrait ahead of her betrothment Hans Holbein the Younger
75%
Which of the King's counselors was beheaded after his role in the failed marriage Thomas Cromwell
72%
How many months did the marriage last Six
71%
What year was she born 1515
69%
What title did her Father, and then Brother, hold in her native Cleves Duke
68%
What famous London landmark is she buried in Westminster Abbey
67%
What was her title after the annulment The Kings Beloved Sister
63%
What year did she die 1557
62%
What was the name of her younger sister, who was also a contender for the King's hand in marriage Amalia
30%
What was the name of the abbey where Henry and Anne had their first disastrous meeting Rochester
8%
What was her motto as Queen God send me well to keep
3%
No matching quizzes found
Score Distribution
Percent of People with Each Score
Percentile by Number Answered
Your Score History
You have not taken this quiz